| 000 | 00633nam a2200241Ia 4500 | ||
|---|---|---|---|
| 003 | OSt | ||
| 005 | 20220918213618.0 | ||
| 006 | a|||||r|||| 00| 0 | ||
| 007 | ta | ||
| 008 | 220917b |||||||| |||| 00| 0 eng d | ||
| 024 | _a133,542 | ||
| 037 | _cTextual | ||
| 040 |
_aARTS _cARTS _beng |
||
| 041 |
_2eng _aeng |
||
| 082 | _aX:82:S, K8 | ||
| 100 |
_aLitwin George H _9127735 |
||
| 245 | 0 | _aMotivation and organizational climate | |
| 260 | _c1968 | ||
| 650 | _aECONOMICS | ||
| 700 |
_a Stringer Robert A _9127736 |
||
| 942 |
_hX:82:S, K8 _cTEXL _2CC |
||
| 999 |
_c256650 _d256650 |
||